000 01968nam a22002177a 4500
003 0
005 20241019140547.0
008 241019b xxu||||| |||| 00| 0 eng d
020 _a9780367457419
050 _aHB 72
_b.J67 2024
100 _aJosephson, Anna,
_eauthor.
245 _aResearch ethics in applied economics :
_ba practical guide /
_cAnna Josephson and Jeffrey D. Michler.
260 _aNew York, NY :
_bRoutledge,
_c2024.
300 _axviii, 378 p. :
_bill. ;
_c24 cm.
504 _aIncludes bibliographical references and index.
520 _a"Research Ethics in Applied Economics Emphasizing the new challenges posed by the data science revolution, digital media, and changing standards, Research Ethics in Applied Economics examines the ethical issues faced by the applied economics researcher at each stage of the research process. The first section of the book considers project development, including issues of project management, selection bias in asking research questions, and political incentives in the development and funding of research ideas. The second section addresses data collection and analysis, discussing concerns about participant rights, data falsification, data management, specification search, p-hacking, and replicability. The final section focuses on sharing results with academic audiences and beyond, with an emphasis on self-plagiarism, self-promotion, and the importance of achieving policy impact. The discussion and related recommendations highlight emergent issues in research ethics. Featuring case studies from experienced researchers on how they address ethical issues, this book provides practical guidance to both students and experienced practitioners seeking to navigate ethical issues in their applied economics research"--Provided by publisher.
650 _aEconomics
_vMoral and ethical aspects.
650 _aEconomics
_vStudy and teaching.
700 _aMichler, Jeffrey D.,
_eauthor.
942 _2lcc
_cBK
999 _c366606
_d366606